| 000 | 00983cam a2200277 a 4500 | ||
|---|---|---|---|
| 001 | 15507357 | ||
| 005 | 20110407144923.0 | ||
| 008 | 081031s2009 enk |rb 001 0 eng | ||
| 010 | _a2008045842 | ||
| 020 | _a184737347X | ||
| 020 | _a9781847373472 | ||
| 040 |
_aDLC _cDLC _dDLC |
||
| 050 | 0 | 0 |
_aSF433 _b.H73 2009 |
| 082 | 0 | 0 |
_a636.7 _222 _bHOR |
| 100 | 1 |
_aHorowitz, Alexandra. _924706 |
|
| 245 | 1 | 0 |
_aInside of a Dog : _bWhat Dogs See, Smell, and Know / _cAlexandra Horowitz. |
| 260 |
_aLondon : _bSimon & Schuster , 2010 _c2010. |
||
| 300 |
_ax, 353 p. ; _c24 cm. |
||
| 504 | _aIncludes bibliographical references (p. 303-332) and index. | ||
| 650 | 0 |
_aDogs _xPsychology. _924707 |
|
| 653 |
_bGeneral _bENG _cJune2011 |
||
| 942 |
_2ddc _cBB |
||
| 999 |
_c15545 _d15545 |
||